Responses for Show #4708 - Wednesday, February 9, 2005

2005 Ultimate Tournament of Champions Round 1, game 1.

Contestants

[<< previous game]

Eric Terzuolo, a retired diplomat and university professor from Bergen, Noord-Holland, the Netherlands

Michael Galvin, a consultant from Penn Wynne, Pennsylvania

Leslie Frates, a Spanish teacher from Hayward, California

[next game >>]

Jeopardy! Round responses

GOOD CONDUCTORS
MOVIE MISSING LINKS
IN THE NEWS 2005
EAT YOUR VEGETABLES!
ADVICE
CLEANING YOUR "CLOCK"
    $200 2
lightning

Michael
    $200 25
Willy

Leslie
    $200 7
Jennifer Aniston & Brad Pitt

Michael
    $200 21
an artichoke

Michael
    $200 14
done

Leslie
    $200 1
her biological clock

Eric
    $400 3
aluminum

Triple Stumper
    $400 27
Kill

Leslie
    $400 8
the Gaza Strip

Michael
    $400 22
celery & lettuce

Leslie
    $400 15
a verbal contract (oral contract accepted)

Michael
    $400 10
a five o'clock shadow

Leslie
    $600 4
silver

Eric
    $600 28
American

Michael
    $600 9
Chief Justice Rehnquist

Leslie
    $600 23
(Leslie: What are the carotenes?)

beets

LeslieMichael
    $600 16
(Alex: It's a great line.)

heroes

Triple Stumper
    $600 11
a grandfather clock

Leslie
    $800 5
graphite

Eric
    $800 29
(Leslie: Ohh, shoot... what is Yonkers? [Giggles])

Space

LeslieEric
    $800 17
(Michael: What is an AIDS program?)
...
(Alex: It's an [*] program, not necessarily for AIDS.)

immunization

Michael
Triple Stumper
    $800 24
Brussels sprouts

Eric
    $800 19
Ask Amy

Michael
    $800 12
A Clockwork Orange

Leslie
    $1000 6
ions

Eric
    $1000 30
After

Eric
    $1000 18
Washington

Leslie
    $1000 26
cauliflower

Leslie
    $1000 20
Polonius

Leslie
    $1000 13
an atomic clock

Eric

Scores at the first commercial break (after clue 11):

Leslie Michael Eric
$1,600 $800 $2,600

Scores at the end of the Jeopardy! Round:

Leslie Michael Eric
$5,200 $2,600 $6,200

Double Jeopardy! Round responses

GREAT CONDUCTORS
COLE MINING
WHERE AM I?
JAPANESE AMERICANS
LITERARY CROSSWORD CLUES "S"
CLICHES IN OTHER WORDS...
    $400 6
André Previn

Eric
    $400 1
Old King Cole

Leslie
    $400 19
Independence

Leslie
    $400 11
Ito

Leslie
    $400 4
a sonnet

Michael
    $400 26
(Leslie: What is shake a leg?)

Break a leg!

LeslieMichael
    $800 7
Leonard Bernstein

Eric
    $800 2
(Leslie: Who is Natalie Cole?)

Paula Cole

Leslie
Triple Stumper
    $800 20
Wyoming

Leslie
    $800 15
Kristi Yamaguchi

Leslie
    $800 5
Stanley

Eric
    $800 27
dressed to kill

Leslie
    $1200 8
Cleveland

Leslie
    $1200 3
(Michael: Who was Robert Cole?)

Gary Cole

Michael
Triple Stumper
    $1200 21
New Haven

Triple Stumper
    $1200 16
George Takei

Michael
    $6,000 12
(Leslie: All right, um, I like crossword puzzles, so I think I'll wager $6,000.)
(Alex: Wow.)
...
(Leslie: I'm sorry, I don't know.)

a sequel

Leslie
    $1200 28
pick on somebody your own size

Eric
    $3,500 9
Zubin Mehta

Leslie
    $1600 24
Cole Porter

Leslie
    $1600 22
the Corn Belt

Michael
    $1600 17
(General) Shinseki

Eric
    $1600 13
seventeen

Triple Stumper
    $1600 29
a bird in the hand is worth two in the bush

Michael
    $2000 10
Simon Rattle

Michael
    $2000 25
Cole Younger

Eric
    $2000 23
San Diego

Leslie
    $2000 18
(Leslie: Who is Onizuki?)
(Alex: No.)
(Leslie: Ellison Onizuki?)

Ellison Onizuka

Leslie
Triple Stumper
    $2000 14
Strachey

Eric
    $2000 30
the opera ain't over 'til the fat lady sings

Leslie

Scores at the end of the Double Jeopardy! Round:

Leslie Michael Eric
$9,900 $8,600 $15,000

[wagering suggestions for these scores]

Final Jeopardy! Round responses

19th CENTURY PRESIDENTS
(Alex: Who is [*]? Yes, a lot of scandals in his administration.)
MichaelWho is Ulysses S. Grant
$2,000
Lesliewho was LIncoln?
$9,900
EricWho was Grant?
$4,801
Ulysses S. Grant

Final scores:

Leslie Michael Eric
$0 $10,600 $19,801
3rd place: $5,000 2nd place: $5,000 Winner: $19,801 + an advance to UToC Round 2

Game dynamics:

Coryat scores:

Leslie Michael Eric
$14,000 $8,600 $15,000
22 R
(including 1 DD),
6 W
(including 1 DD)
14 R,
2 W
15 R
(including 1 DD),
0 W

Combined Coryat: $37,600

[game clues] [game scores] [suggest correction]

Game tape date: 2005-01-31
The J! Archive is created by fans, for fans. Scraping, republication, monetization, and malicious use prohibited; this site may use cookies and collect identifying information. See terms. The Jeopardy! game show and all elements thereof, including but not limited to copyright and trademark thereto, are the property of Jeopardy Productions, Inc. and are protected under law. This website is not affiliated with, sponsored by, or operated by Jeopardy Productions, Inc. Join the discussion at JBoard.tv.